Christian counter culture : (Record no. 4425)

MARC details
000 -LEADER
fixed length control field 00784cam a2200253 i 4500
001 - CONTROL NUMBER
control field 4634382
003 - CONTROL NUMBER IDENTIFIER
control field GBCCL
005 - DATE AND TIME OF LATEST TRANSACTION
control field 20241126110518.0
008 - FIXED-LENGTH DATA ELEMENTS--GENERAL INFORMATION
fixed length control field 781025s1978 enk 000 0 eng
010 ## -
-- 78316202
015 ## -
-- GB78-06636
020 ## - INTERNATIONAL STANDARD BOOK NUMBER
International Standard Book Number 0851106250 :
Terms of availability £3.95.
International Standard Book Number 085110584X
040 ## - CATALOGING SOURCE
Original cataloging agency DLC
Transcribing agency DLC
Modifying agency DLC
050 00 -
-- BT380.2
-- .S86 1978b
082 00 - DEWEY DECIMAL CLASSIFICATION NUMBER
Classification number 220.77
-- 226.9077
Item number STO
100 1# - MAIN ENTRY--PERSONAL NAME
Personal name Stott, John R. W.
9 (RLIN) 325
245 10 - TITLE STATEMENT
Title Christian counter culture :
Remainder of title the message of the Sermon on the Mount /
Statement of responsibility, etc. [by] John R. W. Stott.
260 ## - PUBLICATION, DISTRIBUTION, ETC.
Place of publication, distribution, etc. London :
Name of publisher, distributor, etc. Inter-Varsity Press,
Date of publication, distribution, etc. 1978.
300 ## - PHYSICAL DESCRIPTION
Extent 222 p. ;
Dimensions 21 cm.
490 0# - SERIES STATEMENT
Series statement The Bible speaks today
630 00 - SUBJECT ADDED ENTRY--UNIFORM TITLE
Uniform title Sermon on the mount.
9 (RLIN) 487
906 ## - LOCAL DATA ELEMENT F, LDF (RLIN)
a 7
b cbc
c orignew
d 4
e ncip
f 19
g y-gencatlg
942 ## - ADDED ENTRY ELEMENTS (KOHA)
Source of classification or shelving scheme Dewey Decimal Classification
Koha item type Books
Koha issues (borrowed), all copies 1
Holdings
Withdrawn status Lost status Source of classification or shelving scheme Damaged status Not for loan Home library Current Library Shelving location Date acquired Total checkouts Total renewals Full call number Barcode Date last seen Date last checked out Copy number Price effective from Koha item type
    Dewey Decimal Classification     GRACE BIBLE COLLEGE GRACE BIBLE COLLEGE Biblical Studies 2018-01-22 2 1 220.77 BST 005006 2025-05-01 2025-01-24 c.3 2018-01-22 Books
    Dewey Decimal Classification     GRACE BIBLE COLLEGE GRACE BIBLE COLLEGE Biblical Studies 2018-01-22     220.77 BST 001362 2025-05-01   c.1 2018-01-22 Books
    Dewey Decimal Classification     GRACE BIBLE COLLEGE GRACE BIBLE COLLEGE Biblical Studies 2018-01-22     220.77 BST 006484 2025-05-01   c.4 2018-01-22 Books
    Dewey Decimal Classification     GRACE BIBLE COLLEGE GRACE BIBLE COLLEGE Commentary 2018-01-29     220.77 BST 004653 2025-05-01   c.2 2018-01-29 Reference Books
© Grace Bible College Library 2025